| 000 | 00980nam a2200253 a 4500 | ||
|---|---|---|---|
| 001 | 46989 | ||
| 003 | BD-RjUL | ||
| 005 | 20211209054237.0 | ||
| 008 | 160806r19801966bg ||||| |||| 00| 0 ben d | ||
| 020 | _c: TK 10.00 | ||
| 035 | _a(BD-RjUL)47108 | ||
| 040 |
_aBD-RjUL _bben _cBD-RjUL |
||
| 041 | _aben | ||
| 082 |
_223 _a297.272 _bASI 1980 |
||
| 100 |
_aআসাদ, মুহম্মদ _9127134 |
||
| 245 | 1 | 0 |
_aইসলামে রাষ্ট্র ও সরকার পরিচালনার মূলনীতি / _cশাহেদ আলী, (অনূদিত) |
| 250 | _a২য় সং. | ||
| 260 |
_aঢাকা : _bইসলামিক ফাউণ্ডেশন, _c১৯৮0 |
||
| 300 |
_a[১৪], ১২১ পৃ. ; _c২১ সেমি. |
||
| 650 |
_aইসলাম ও রাজনীতি _9123053 |
||
| 650 |
_aIslam & Politics _9127135 |
||
| 700 |
_aআলী, শাহেদ (অনুদিত) _9143131 |
||
| 942 |
_2ddc _cBK |
||
| 999 |
_c46989 _d46989 |
||